[Event "Mecklenburg VP VL 1415"]
[Site "Mecklenburg VP"]
[Date "2014.11.09"]
[Round "2.8"]
[White "Rickmann, Niklas"]
[Black "Ernst, Mathias"]
[Result "1/2-1/2"]
[WhiteElo "1758"]
[BlackElo "1630"]
[PlyCount "85"]
[EventDate "2014.09.21"]
[EventType "team-tourn"]
[EventRounds "9"]
[EventCountry "GER"]
[SourceTitle "EXT 2022"]
[Source "ChessBase"]
[SourceDate "2021.10.06"]
[SourceVersion "1"]
[SourceVersionDate "2021.10.06"]
[SourceQuality "1"]
[WhiteTeam "Stralsund FHSG"]
[BlackTeam "Rostock HSG Uni"]
[WhiteTeamCountry "GER"]
[BlackTeamCountry "GER"]

1. e4 c5 2. Nf3 Nc6 3. d4 cxd4 4. Nxd4 d6 5. Nc3 Nf6 6. Be3 Ng4 7. Qd2 Nxe3 8. Qxe3 g6 9. 0-0-0 Bg7 10. Bb5 Bd7 11. Nxc6 bxc6 12. Bc4 a5 13. f4 0-0 14. h3 Qc7 15. g4 Rab8 16. a4 Rb4 17. b3 Rfb8 18. f5 Rxc4 19. bxc4 Rb4 20. c5 Rc4 21. cxd6 exd6 22. Rd3 Qb8 23. Kd2 d5 24. fxg6 d4 25. gxf7+ Kf8 26. Qg5 dxc3+ 27. Ke2 Rxe4+ 28. Kf3 Re7 29. Qc5 Qb4 30. Qxb4 axb4 31. Rhd1 Be6 32. a5 Bd5+ 33. Kg3 Be5+ 34. Kh4 Rxf7 35. Re3 Bf6+ 36. Kh5 Rg7 37. h4 Bf7+ 38. Kh6 Bxh4 39. Re5 Bf6 40. Rf5 Rg6+ 41. Kxh7 Rg7+ 42. Kh6 Rg6+ 43. Kh7 1/2-1/2

[Event "Mecklenburg VP LL2 0607"]
[Site "Mecklenburg VP"]
[Date "2006.10.29"]
[Round "2.2"]
[White "Ernst, Mathias"]
[Black "Bahr, Enrico"]
[Result "0-1"]
[WhiteElo "1716"]
[BlackElo "1919"]
[PlyCount "52"]
[EventDate "2006.10.15"]
[EventType "team-tourn"]
[EventRounds "9"]
[EventCountry "GER"]
[SourceTitle "EXT 2009"]
[Source "ChessBase"]
[SourceDate "2008.11.26"]
[SourceVersion "1"]
[SourceVersionDate "2008.11.26"]
[SourceQuality "1"]
[WhiteTeam "Rostock Uni II"]
[BlackTeam "Neukloster II"]
[WhiteTeamCountry "GER"]
[BlackTeamCountry "GER"]

1. e4 d5 2. exd5 Qxd5 3. Nc3 Qa5 4. d4 Nf6 5. Nf3 Bf5 6. Bd3 Bg6 7. 0-0 c6 8. Qe2 e6 9. Ne4 Nbd7 10. Bf4 Nxe4 11. Bxe4 Bxe4 12. Qxe4 Nf6 13. Qd3 Be7 14. Rfe1 Rd8 15. c4 0-0 16. Re5 Qc7 17. Rae1 Bd6 18. Ng5 h6 19. Nh3 Bxe5 20. Rxe5 Qb6 21. Be3 Qxb2 22. g4 Nxg4 23. Rh5 Nxe3 24. fxe3 f5 25. Nf4 Rf6 26. Rh3 e5 0-1

[Event "Berlin op 05"]
[Site "Berlin"]
[Date "2006.05.27"]
[Round "5"]
[White "Wecke, Thoralf"]
[Black "Ernst, Mathias"]
[Result "1-0"]
[WhiteElo "1937"]
[BlackElo "1694"]
[PlyCount "71"]
[EventDate "2006.05.24"]
[EventType "swiss"]
[EventRounds "7"]
[EventCountry "GER"]
[SourceTitle "EXT 2007"]
[Source "ChessBase"]
[SourceDate "2006.11.23"]
[SourceVersion "1"]
[SourceVersionDate "2006.11.23"]
[SourceQuality "1"]

1. d4 Nf6 2. Bg5 d6 3. Nc3 h6 4. Bxf6 gxf6 5. e3 c6 6. g3 Na6 7. Bg2 Bd7 8. e4 Qb6 9. Rb1 Bg7 10. Nge2 f5 11. Bh3 0-0-0 12. exf5 e6 13. b4 h5 14. Ne4 Qc7 15. Ng5 Rde8 16. c4 exf5 17. b5 Nb8 18. 0-0 h4 19. Nf4 hxg3 20. fxg3 Bf6 21. Nf3 Reg8 22. bxc6 Nxc6 23. Nd5 Qd8 24. Bg2 f4 25. Qa4 fxg3 26. Rxb7 gxh2+ 27. Kh1 Kxb7 28. Rb1+ Ka8 29. Qa6 Qb8 30. Rxb8+ Kxb8 31. Nxh2 Bxd4 32. Ne7 Rxh2+ 33. Kxh2 Rh8+ 34. Kg3 Be5+ 35. Kf2 Bd4+ 36. Kf1 1-0

[Event "Berlin op 05"]
[Site "Berlin"]
[Date "2006.05.25"]
[Round "2"]
[White "Knebel, Klaus"]
[Black "Ernst, Mathias"]
[Result "0-1"]
[WhiteElo "1307"]
[BlackElo "1694"]
[PlyCount "54"]
[EventDate "2006.05.24"]
[EventType "swiss"]
[EventRounds "7"]
[EventCountry "GER"]
[SourceTitle "EXT 2007"]
[Source "ChessBase"]
[SourceDate "2006.11.23"]
[SourceVersion "1"]
[SourceVersionDate "2006.11.23"]
[SourceQuality "1"]

1. Nf3 c5 2. c4 Nc6 3. Nc3 Nf6 4. e4 d6 5. d4 cxd4 6. Nxd4 e6 7. Nxc6 bxc6 8. e5 dxe5 9. Qxd8+ Kxd8 10. Bd2 Bc5 11. h3 Ke7 12. Be2 Rd8 13. Rd1 Bb7 14. 0-0 Rab8 15. Bf3 Ba8 16. b3 Bb4 17. Nb1 Bc5 18. Ba5 Bb6 19. Bc3 Bd4 20. Bd2 e4 21. Be2 c5 22. Bg5 h6 23. Bxf6+ gxf6 24. Na3 f5 25. g3 Rg8 26. Nc2 Be5 27. Ne1 f4 0-1

[Event "Rostock  PSV op 05th"]
[Site "Rostock"]
[Date "2005.08.25"]
[Round "1"]
[White "Ernst, Mathias"]
[Black "Gottschalk, Jens"]
[Result "0-1"]
[WhiteElo "1703"]
[BlackElo "2219"]
[PlyCount "56"]
[EventDate "2005.08.25"]
[EventType "swiss"]
[EventRounds "7"]
[EventCountry "GER"]
[SourceTitle "EXT 2007"]
[Source "ChessBase"]
[SourceDate "2006.11.23"]
[SourceVersion "1"]
[SourceVersionDate "2006.11.23"]
[SourceQuality "1"]

1. e4 c5 2. Nf3 d6 3. Bb5+ Nc6 4. Bxc6+ bxc6 5. 0-0 Bg4 6. h3 Bh5 7. a4 e6 8. g4 Bg6 9. Ra3 Bxe4 10. Re3 d5 11. d3 Bxf3 12. Qxf3 Bd6 13. Qg2 Qc7 14. f4 0-0-0 15. Re2 h5 16. g5 Ne7 17. c3 Nf5 18. b4 h4 19. Rb2 Ng3 20. Rf3 f6 21. Na3 fxg5 22. b5 gxf4 23. bxc6 a6 24. a5 Qxa5 25. Rxf4 Qxc3 26. Rb1 Qe1+ 27. Kh2 Nf1+ 28. Kh1 Ne3+ 0-1

[Event "Mecklenburg VP LL2 West 0405"]
[Site "Mecklenburg VP"]
[Date "2005.01.16"]
[Round "5.4"]
[White "Rudzinski, Nicole"]
[Black "Ernst, Mathias"]
[Result "1-0"]
[WhiteElo "1861"]
[BlackElo "1715"]
[PlyCount "85"]
[EventDate "2004.10.24"]
[EventType "team-tourn"]
[EventRounds "9"]
[EventCountry "GER"]
[SourceTitle "EXT 2016"]
[Source "ChessBase"]
[SourceDate "2015.10.08"]
[SourceVersion "1"]
[SourceVersionDate "2015.10.08"]
[SourceQuality "1"]
[WhiteTeam "Putlitz"]
[BlackTeam "Rostock Uni II"]
[WhiteTeamCountry "GER"]
[BlackTeamCountry "GER"]

1. d4 Nf6 2. Nf3 g6 3. g3 Bg7 4. Bg2 d6 5. c3 0-0 6. Nbd2 Nc6 7. e4 e5 8. dxe5 dxe5 9. 0-0 Be6 10. Qe2 Qe7 11. b3 Qc5 12. Bb2 Rfd8 13. Rad1 a5 14. h3 h6 15. Ne1 Rd7 16. Nc2 Rad8 17. Ne3 b5 18. Kh2 a4 19. c4 bxc4 20. bxc4 Qb4 21. Bc1 Nd4 22. Qe1 c6 23. f4 exf4 24. gxf4 Nh5 25. Qf2 Nxf4 26. Qxf4 Ne2 27. Qf3 Be5+ 28. Kh1 Nxc1 29. Nd5 cxd5 30. cxd5 Nxa2 31. dxe6 fxe6 32. Rf2 Nc3 33. Rdf1 Rxd2 34. Rxd2 Rf8 35. Qg4 Rxf1+ 36. Bxf1 Qf8 37. Qxg6+ Bg7 38. Qg2 Nxe4 39. Bc4 Ng5 40. Rf2 Qb4 41. Qa8+ Bf8 42. Bf1 Qd4 43. Qxf8+ 1-0

[Event "Rostock  PSV op 04th"]
[Site "Rostock"]
[Date "2004.08.26"]
[Round "2"]
[White "Ernst, Mathias"]
[Black "Kurzwig, Andre"]
[Result "1-0"]
[WhiteElo "1713"]
[BlackElo "1398"]
[PlyCount "33"]
[EventDate "2004.08.26"]
[EventType "swiss"]
[EventRounds "7"]
[EventCountry "GER"]
[SourceTitle "EXT 2007"]
[Source "ChessBase"]
[SourceDate "2006.11.23"]
[SourceVersion "1"]
[SourceVersionDate "2006.11.23"]
[SourceQuality "1"]

1. e4 c6 2. d4 d5 3. Nc3 dxe4 4. f3 exf3 5. Nxf3 Nf6 6. Bc4 e6 7. 0-0 Bb4 8. Bg5 0-0 9. Ne4 Be7 10. Ng3 Nd5 11. Qd2 Bxg5 12. Nxg5 h6 13. Nf3 Nd7 14. Rae1 N7b6 15. Bd3 Qc7 16. Re4 c5 17. Rg4 1-0

[Event "Mecklenburg VP LL2 West 0304"]
[Site "Mecklenburg VP"]
[Date "2004.02.15"]
[Round "6.2"]
[White "Schmidt, Joerg"]
[Black "Ernst, Mathias"]
[Result "1-0"]
[WhiteElo "1955"]
[BlackElo "1612"]
[PlyCount "143"]
[EventDate "2003.09.28"]
[EventType "team-tourn"]
[EventRounds "9"]
[EventCountry "GER"]
[SourceTitle "EXT 2022"]
[Source "ChessBase"]
[SourceDate "2021.10.06"]
[SourceVersion "1"]
[SourceVersionDate "2021.10.06"]
[SourceQuality "1"]
[WhiteTeam "Malchow Schachinsel"]
[BlackTeam "Rostock HSG Uni II"]
[WhiteTeamCountry "GER"]
[BlackTeamCountry "GER"]

1. c4 e5 2. Nc3 Nf6 3. g3 g6 4. Bg2 Bg7 5. e3 0-0 6. Nge2 Nc6 7. 0-0 Ne8 8. d4 d6 9. f4 exd4 10. Nxd4 Nxd4 11. exd4 c6 12. Re1 Qb6 13. Be3 Qxb2 14. Na4 Qb4 15. c5 d5 16. Rb1 Qa5 17. Qb3 Nf6 18. Nb2 Bf5 19. Rbd1 b5 20. Nd3 Rae8 21. Ne5 Re6 22. h3 Rfe8 23. g4 Be4 24. g5 Nh5 25. Bxe4 dxe4 26. Bc1 Bxe5 27. dxe5 Ng7 28. Rxe4 Nf5 29. a3 Rd8 30. Bb2 Qc7 31. Re2 Ne7 32. Rd6 Nd5 33. Qf3 Qe7 34. h4 Rexd6 35. exd6 Qd7 36. Re5 a5 37. Kh2 b4 38. axb4 axb4 39. Kg3 Ra8 40. Rxd5 cxd5 41. Qxd5 Ra3+ 42. Bxa3 bxa3 43. Qa8+ Kg7 44. Qxa3 Qc6 45. Qd3 Qxc5 46. d7 Qg1+ 47. Kf3 Qh1+ 48. Ke3 Qh3+ 49. Kd2 Qg2+ 50. Kc3 Qc6+ 51. Kb2 Qb7+ 52. Kc2 Qg2+ 53. Qd2 Qe4+ 54. Qd3 Qa4+ 55. Kd2 Qxf4+ 56. Kc2 Qa4+ 57. Kc1 Qc6+ 58. Kb2 Qb7+ 59. Ka3 Qa7+ 60. Kb4 Qb6+ 61. Qb5 Qd4+ 62. Ka3 Qa7+ 63. Kb2 Qf2+ 64. Kc3 Qe3+ 65. Kc4 Qe4+ 66. Kc5 Qe7+ 67. Kc6 Qe4+ 68. Kc7 Qf4+ 69. Kc8 Qc1+ 70. Kb7 Qh1+ 71. Qc6 Qb1+ 72. Kc7 1-0